[Event "Bayern-chI Bank Hofmann 26th"]
[Site "Tegernsee"]
[Date "2023.10.28"]
[Round "1"]
[White "Mai, Philipp"]
[Black "Kroneder, Hans Christian"]
[Result "1-0"]
[WhiteElo "2313"]
[BlackElo "2042"]
[PlyCount "81"]
[EventDate "2023.10.28"]
[EventType "swiss"]
[EventRounds "9"]
[EventCountry "GER"]
[SourceTitle "Mega2024 Update 01"]
[Source "Chessbase"]
[SourceDate "2023.11.12"]
[SourceVersion "1"]
[SourceVersionDate "2023.11.12"]
[SourceQuality "1"]

1. d4 d5 2. c4 c6 3. Nf3 Nf6 4. Nc3 a6 5. cxd5 cxd5 6. Bf4 Nc6 7. e3 Bg4 8. Be2 e6 9. 0-0 Bd6 10. Bxd6 Qxd6 11. Rc1 0-0 12. h3 Bxf3 13. Bxf3 b5 14. e4 Qd7 15. e5 Ne8 16. Qd2 f6 17. Rfe1 Rc8 18. Bg4 fxe5 19. dxe5 Rc7 20. Ne4 Nxe5 21. Nc5 Qd6 22. Bxe6+ Kh8 23. Qxd5 Qxd5 24. Bxd5 Rxc5 25. Rxc5 Nd3 26. Rec1 Nd6 27. Rc6 Nxc1 28. Rxc1 Rd8 29. Rc6 a5 30. Ra6 a4 31. b3 axb3 32. axb3 g6 33. Ra8 Rxa8 34. Bxa8 Kg7 35. Kf1 Kf6 36. Ke2 Ke5 37. Kd3 b4 38. Bc6 g5 39. Ba8 h5 40. Bf3 h4 41. Bc6 1-0

[Event "Erfurt op-A 29th"]
[Site "Erfurt"]
[Date "2019.12.26"]
[Round "1"]
[White "Klein, Felix"]
[Black "Kroneder, Hans Christian"]
[Result "1-0"]
[WhiteElo "2304"]
[BlackElo "2045"]
[PlyCount "55"]
[EventDate "2019.12.26"]
[EventType "swiss"]
[EventRounds "8"]
[EventCountry "GER"]
[SourceTitle "CBM 194 Extra"]
[Source "ChessBase"]
[SourceDate "2020.03.31"]
[SourceVersion "1"]
[SourceVersionDate "2020.03.31"]
[SourceQuality "1"]

1. e4 c5 2. Nf3 d6 3. d4 cxd4 4. Nxd4 Nf6 5. Nc3 a6 6. f3 e5 7. Nb3 Be6 8. Be3 b5 9. Qd2 Nbd7 10. 0-0-0 Be7 11. g4 b4 12. Nd5 Bxd5 13. exd5 Nb6 14. Na5 Nbxd5 15. Nc6 Qc7 16. Nxb4 Nxb4 17. Qxb4 0-0 18. Qb6 Qd7 19. g5 Rfb8 20. Qa5 Nh5 21. Qxe5 Qb7 22. Qd4 d5 23. b3 Qc7 24. Bh3 Rb5 25. Kb1 Rd8 26. Bf4 Rb4 27. Qd2 Nxf4 28. c3 1-0

[Event "Bayern-chI Bank Hofmann 20th"]
[Site "Bad Wiessee"]
[Date "2016.11.01"]
[Round "4"]
[White "Forchert, Martin"]
[Black "Kroneder, Hans Christian"]
[Result "1-0"]
[WhiteElo "2375"]
[BlackElo "2073"]
[PlyCount "47"]
[EventDate "2016.10.29"]
[EventType "swiss"]
[EventRounds "9"]
[EventCountry "GER"]
[SourceTitle "CBM 175 Extra"]
[Source "ChessBase"]
[SourceDate "2016.12.12"]
[SourceVersion "1"]
[SourceVersionDate "2016.12.12"]
[SourceQuality "1"]

1. e4 c5 2. Nf3 d6 3. d4 cxd4 4. Nxd4 Nf6 5. Nc3 a6 6. Be3 e5 7. Nde2 Be6 8. f4 exf4 9. Nxf4 Qa5 10. Nxe6 fxe6 11. Bc4 Nxe4 12. 0-0 Nxc3 13. Qf3 Qc7 14. Bxe6 Nc6 15. bxc3 Ne5 16. Qe4 d5 17. Bxd5 0-0-0 18. Rab1 b5 19. a4 Bc5 20. Be6+ Nd7 21. Qa8+ Qb8 22. Qxa6+ Qb7 23. Qxb7+ Kxb7 24. Rxb5+ 1-0

[Event "Pyramiden Franken Cup"]
[Site "Fuerth"]
[Date "2016.09.04"]
[Round "6"]
[White "Straschewski, Joerg"]
[Black "Kroneder, Hans Christian"]
[Result "0-1"]
[WhiteElo "1927"]
[BlackElo "2070"]
[PlyCount "56"]
[EventDate "2016.09.01"]
[EventType "swiss"]
[EventRounds "7"]
[EventCountry "GER"]
[SourceTitle "CBM 174 Extra"]
[Source "ChessBase"]
[SourceDate "2016.10.10"]
[SourceVersion "1"]
[SourceVersionDate "2016.10.10"]
[SourceQuality "1"]

1. d4 Nf6 2. c4 g6 3. Nc3 Bg7 4. e4 d6 5. f3 0-0 6. Bg5 c5 7. d5 e6 8. Qd2 exd5 9. cxd5 a6 10. a4 Qa5 11. Ra3 Nbd7 12. Nh3 Ne5 13. Nf2 Qb4 14. a5 b5 15. axb6 Qxb6 16. Be2 Rb8 17. Ra2 Ra8 18. 0-0 Bb7 19. f4 Ned7 20. Nfd1 Rfe8 21. Bf3 c4+ 22. Kh1 Nc5 23. Ne3 Ncxe4 24. Nxc4 Nxd2 25. Nxb6 Nxf1 26. Nxa8 Nd2 27. Ra1 Nxf3 28. gxf3 Rxa8 0-1

[Event "Pyramiden Franken Cup"]
[Site "Fuerth"]
[Date "2016.09.03"]
[Round "5"]
[White "Kroneder, Hans Christian"]
[Black "Meulner, Fabian"]
[Result "1/2-1/2"]
[WhiteElo "2070"]
[BlackElo "1870"]
[PlyCount "45"]
[EventDate "2016.09.01"]
[EventType "swiss"]
[EventRounds "7"]
[EventCountry "GER"]
[SourceTitle "CBM 174 Extra"]
[Source "ChessBase"]
[SourceDate "2016.10.10"]
[SourceVersion "1"]
[SourceVersionDate "2016.10.10"]
[SourceQuality "1"]

1. e4 c5 2. Nf3 e6 3. d4 cxd4 4. Nxd4 Nc6 5. Nb5 d6 6. Bf4 e5 7. Be3 Nf6 8. Bc4 Be6 9. Bd5 Bxd5 10. exd5 Ne7 11. c4 a6 12. N5c3 Nf5 13. 0-0 Be7 14. Qd3 g6 15. Nd2 0-0 16. h3 Nh5 17. Ne2 Nxe3 18. Qxe3 f5 19. f4 Nxf4 20. Nxf4 Bg5 21. g3 exf4 22. gxf4 Bf6 23. Nf3 1/2-1/2

[Event "Pyramiden Franken Cup"]
[Site "Fuerth"]
[Date "2016.09.02"]
[Round "2"]
[White "Hacker, Jonas"]
[Black "Kroneder, Hans Christian"]
[Result "1-0"]
[WhiteElo "2336"]
[BlackElo "2070"]
[PlyCount "59"]
[EventDate "2016.09.01"]
[EventType "swiss"]
[EventRounds "7"]
[EventCountry "GER"]
[SourceTitle "CBM 174 Extra"]
[Source "ChessBase"]
[SourceDate "2016.10.10"]
[SourceVersion "1"]
[SourceVersionDate "2016.10.10"]
[SourceQuality "1"]

1. e4 c5 2. Nf3 d6 3. d4 cxd4 4. Nxd4 Nf6 5. Nc3 a6 6. Bg5 Nbd7 7. f4 Qc7 8. Qf3 h6 9. Bxf6 Nxf6 10. f5 e6 11. fxe6 fxe6 12. Bd3 Bd7 13. e5 dxe5 14. Bg6+ Kd8 15. Nde2 Bc5 16. 0-0-0 Kc8 17. Qg3 Bc6 18. Qh3 Qe7 19. Qg3 Qc7 20. Qh3 Qe7 21. Kb1 Kb8 22. Qg3 Qc7 23. Rhe1 Rf8 24. Nc1 Bd4 25. N3e2 Bb6 26. Nd3 Nd7 27. Nc3 Ka7 28. Be4 Bxe4 29. Rxe4 Bd4 30. Rxd4 1-0

[Event "Mittelfranken-ch HT"]
[Site "Nuremberg"]
[Date "2015.04.03"]
[Round "8"]
[White "Seibold, Hubert"]
[Black "Kroneder, Hans Christian"]
[Result "1/2-1/2"]
[WhiteElo "2168"]
[BlackElo "2067"]
[PlyCount "91"]
[EventDate "2015.03.31"]
[EventType "swiss"]
[EventRounds "9"]
[EventCountry "GER"]
[SourceTitle "EXT 2016"]
[Source "ChessBase"]
[SourceDate "2015.10.08"]
[SourceVersion "1"]
[SourceVersionDate "2015.10.08"]
[SourceQuality "1"]

1. d4 d5 2. Nf3 Nf6 3. Bf4 e6 4. e3 Bd6 5. Bd3 c5 6. Bxd6 Qxd6 7. c3 0-0 8. Nbd2 cxd4 9. exd4 b6 10. Qe2 a5 11. a4 Ba6 12. Ne5 Bxd3 13. Qxd3 Nfd7 14. f4 f6 15. Nxd7 Nxd7 16. 0-0 e5 17. dxe5 fxe5 18. Ne4 Qc6 19. Ng5 e4 20. Qh3 Nf6 21. Qe6+ Qxe6 22. Nxe6 Rf7 23. Rad1 Rc8 24. Rd4 Re7 25. f5 Rd7 26. h3 Kf7 27. g4 g6 28. Nf4 g5 29. Ne6 Rg8 30. Kg2 h5 31. h4 gxh4 32. g5 Ng4 33. Kh3 Ne3 34. Rf2 Nxf5 35. Rxf5+ Kxe6 36. Rf6+ Ke5 37. Kxh4 Rdg7 38. Rxb6 Rxg5 39. Rb5 Rg4+ 40. Kh3 Kf4 41. Rdxd5 Rg3+ 42. Kh2 Rg2+ 43. Kh1 Rg1+ 44. Kh2 R1g2+ 45. Kh1 Rg1+ 46. Kh2 1/2-1/2

[Event "Mittelfranken-ch HT"]
[Site "Nuremberg"]
[Date "2015.04.02"]
[Round "7"]
[White "Kroneder, Hans Christian"]
[Black "Auburger, Philipp"]
[Result "1-0"]
[WhiteElo "2067"]
[BlackElo "1978"]
[PlyCount "83"]
[EventDate "2015.03.31"]
[EventType "swiss"]
[EventRounds "9"]
[EventCountry "GER"]
[SourceTitle "EXT 2016"]
[Source "ChessBase"]
[SourceDate "2015.10.08"]
[SourceVersion "1"]
[SourceVersionDate "2015.10.08"]
[SourceQuality "1"]

1. e4 e5 2. Nf3 Nf6 3. Nxe5 d6 4. Nf3 Nxe4 5. Nc3 Nxc3 6. dxc3 Be7 7. Be3 Nd7 8. Qd2 0-0 9. h4 Nc5 10. 0-0-0 Be6 11. Ng5 Bf5 12. f3 h6 13. g4 Bg6 14. Nh3 Bxh4 15. g5 h5 16. Bxc5 dxc5 17. Qf4 Qe7 18. Qxh4 Qe3+ 19. Kb1 Rad8 20. Bd3 Bxd3 21. cxd3 Rxd3 22. Qe4 Qxe4 23. fxe4 Re3 24. Nf4 g6 25. Nd5 Rg3 26. Rhg1 Rxg1 27. Rxg1 Kg7 28. Kc2 c6 29. Nf6 h4 30. Rh1 Rh8 31. Kd2 h3 32. Ke2 c4 33. Rh2 a5 34. Ng4 Rh5 35. Kf3 Rxg5 36. Rxh3 f5 37. exf5 Rxf5+ 38. Ke4 Rf1 39. Rh2 g5 40. Ne3 Rf4+ 41. Ke5 b5 42. Nf5+ 1-0

[Event "Mittelfranken-ch HT"]
[Site "Nuremberg"]
[Date "2015.03.31"]
[Round "2"]
[White "Rausch, Wolfgang1111"]
[Black "Kroneder, Hans Christian"]
[Result "1/2-1/2"]
[WhiteElo "1881"]
[BlackElo "2067"]
[PlyCount "86"]
[EventDate "2015.03.31"]
[EventType "swiss"]
[EventRounds "9"]
[EventCountry "GER"]
[SourceTitle "EXT 2016"]
[Source "ChessBase"]
[SourceDate "2015.10.08"]
[SourceVersion "1"]
[SourceVersionDate "2015.10.08"]
[SourceQuality "1"]

1. Nf3 Nf6 2. g3 g6 3. Bg2 Bg7 4. c4 0-0 5. 0-0 d6 6. d4 Nbd7 7. Nc3 c6 8. Qc2 e5 9. dxe5 dxe5 10. e4 Qc7 11. b4 Re8 12. a3 Nf8 13. h3 Be6 14. Na4 Rad8 15. Bb2 N6d7 16. Ng5 h6 17. Nxe6 Nxe6 18. Rad1 a5 19. Bc3 axb4 20. axb4 b5 21. Nb2 c5 22. bxc5 Qxc5 23. Rd5 Qa7 24. cxb5 Nc7 25. b6 Nxb6 26. Ra5 Qb7 27. Qb3 Rb8 28. Rfa1 Qc6 29. R1a3 Bf8 30. Bb4 Nd7 31. Nd3 Bxb4 32. Nxb4 Qb6 33. Qd1 Qxb4 34. Qxd7 Nb5 35. Ra1 Red8 36. Qc6 Nd4 37. Qf6 Rd6 38. Qh4 Nb3 39. R5a4 Qc3 40. Rf1 Nd2 41. Rfa1 Nb3 42. Rf1 Nd2 43. Rfa1 Nb3 1/2-1/2

[Event "Deizisau op 9th"]
[Site "Deizisau"]
[Date "2014.10.26"]
[Round "4"]
[White "Kroneder, Hans Christian"]
[Black "Martynov, Pavel1111"]
[Result "0-1"]
[WhiteElo "2048"]
[BlackElo "2402"]
[PlyCount "56"]
[EventDate "2014.10.24"]
[EventType "swiss"]
[EventRounds "7"]
[EventCountry "GER"]
[SourceTitle "EXT 2015"]
[Source "ChessBase"]
[SourceDate "2014.11.20"]
[SourceVersion "1"]
[SourceVersionDate "2014.11.20"]
[SourceQuality "1"]

1. e4 Nf6 2. e5 Nd5 3. d4 d6 4. Nf3 dxe5 5. Nxe5 c6 6. Nd2 Nd7 7. Ndf3 N7f6 8. Ng5 Be6 9. Nxe6 fxe6 10. Bd3 g6 11. h4 Nb4 12. c3 Nxd3+ 13. Qxd3 Bg7 14. g4 Qd5 15. Rg1 Rf8 16. h5 Ne4 17. f3 Nc5 18. dxc5 Qxe5+ 19. Qe4 Qh2 20. Rf1 Rd8 21. hxg6 Be5 22. f4 Bf6 23. g5 Bxg5 24. Be3 Qxb2 25. g7 Bh4+ 26. Rf2 Bxf2+ 27. Bxf2 Qxa1+ 28. Ke2 Qxa2+ 0-1

[Event "Deizisau op 9th"]
[Site "Deizisau"]
[Date "2014.10.25"]
[Round "2"]
[White "Kroneder, Hans Christian"]
[Black "Karpatchev, Aleksandr"]
[Result "0-1"]
[WhiteElo "2048"]
[BlackElo "2442"]
[PlyCount "30"]
[EventDate "2014.10.24"]
[EventType "swiss"]
[EventRounds "7"]
[EventCountry "GER"]
[SourceTitle "EXT 2015"]
[Source "ChessBase"]
[SourceDate "2014.11.20"]
[SourceVersion "1"]
[SourceVersionDate "2014.11.20"]
[SourceQuality "1"]

1. d4 d5 2. Nf3 c5 3. c3 Nf6 4. a3 Nbd7 5. Bf4 g6 6. Qc1 h6 7. b4 b6 8. e3 Bg7 9. Bb5 Bb7 10. Ne5 0-0 11. Nc6 Qe8 12. bxc5 Nxc5 13. Nxa7 Rxa7 14. Qb2 Ra8 15. Qc1 Ncd7 0-1

[Event "Pyramiden Franken Cup"]
[Site "Fuerth"]
[Date "2014.09.06"]
[Round "4"]
[White "Zier, Oliver"]
[Black "Kroneder, Hans Christian"]
[Result "1-0"]
[WhiteElo "2149"]
[BlackElo "2048"]
[PlyCount "115"]
[EventDate "2014.09.04"]
[EventType "swiss"]
[EventRounds "7"]
[EventCountry "GER"]
[SourceTitle "CBM 162 Extra"]
[Source "ChessBase"]
[SourceDate "2014.10.17"]
[SourceVersion "1"]
[SourceVersionDate "2014.10.17"]
[SourceQuality "1"]

1. d4 d5 2. c4 c6 3. Nc3 Nf6 4. e3 a6 5. Nf3 Bf5 6. Bd3 Bg4 7. h3 Bh5 8. 0-0 e6 9. b3 Nbd7 10. Bb2 Rc8 11. e4 dxe4 12. Nxe4 Nxe4 13. Bxe4 Nf6 14. Bc2 Be7 15. Qe2 0-0 16. Qe3 Qc7 17. Rfe1 Rcd8 18. Ng5 Bg6 19. Bxg6 hxg6 20. Rad1 Bd6 21. Ne4 Nxe4 22. Qxe4 Rfe8 23. Qg4 c5 24. h4 cxd4 25. Bxd4 Bc5 26. Bc3 Rxd1 27. Rxd1 Rd8 28. Rc1 Qb6 29. Qf3 Bd4 30. Bxd4 Rxd4 31. Rd1 Rxh4 32. Rd7 f6 33. Qxb7 Qa5 34. Rd1 Qh5 35. Rd8+ Kh7 36. g3 Qg5 37. Qf3 f5 38. Rd1 e5 39. Kf1 Re4 40. Kg2 Qf6 41. c5 Qc6 42. Re1 Qxc5 43. Rxe4 fxe4 44. Qxe4 a5 45. Qh4+ Kg8 46. Qc4+ Qxc4 47. bxc4 Kf7 48. Kf3 Ke6 49. Ke4 Kd6 50. f4 exf4 51. gxf4 Kc5 52. Kd3 a4 53. a3 Kd6 54. Kd4 Kc6 55. c5 Kc7 56. Kc3 Kb7 57. Kb4 Kc6 58. Kc4 1-0

[Event "Pyramiden Franken Cup"]
[Site "Fuerth"]
[Date "2014.09.05"]
[Round "3"]
[White "Kroneder, Hans Christian"]
[Black "Hoffmann, Sebastian"]
[Result "1-0"]
[WhiteElo "2048"]
[BlackElo "1713"]
[PlyCount "81"]
[EventDate "2014.09.04"]
[EventType "swiss"]
[EventRounds "7"]
[EventCountry "GER"]
[SourceTitle "CBM 162 Extra"]
[Source "ChessBase"]
[SourceDate "2014.10.17"]
[SourceVersion "1"]
[SourceVersionDate "2014.10.17"]
[SourceQuality "1"]

1. e4 e5 2. Nf3 Nc6 3. Bc4 Nf6 4. Ng5 d5 5. exd5 Nd4 6. c3 b5 7. Bf1 Nxd5 8. cxd4 Qxg5 9. Bxb5+ Bd7 10. Bxd7+ Kxd7 11. Qf3 exd4 12. 0-0 Bd6 13. d3 Qe5 14. g3 f6 15. Nd2 Nb6 16. Ne4 Qe7 17. Re1 Bb4 18. Qf5+ Kd8 19. Re2 Qd7 20. Qf3 Re8 21. Bf4 f5 22. Ng5 h6 23. Rxe8+ Kxe8 24. Qe2+ Qe7 25. Ne6 Kd7 26. Nxd4 Qxe2 27. Nxe2 g5 28. Be5 Re8 29. d4 Nc4 30. f4 Nxb2 31. Rc1 c5 32. dxc5 Bd2 33. c6+ Kc8 34. Rb1 gxf4 35. gxf4 Bxf4 36. Nxf4 Rxe5 37. Rxb2 Re4 38. Nd5 Rc4 39. c7 Rc5 40. Rb8+ Kd7 41. Rd8+ 1-0

[Event "Deizisau op 8th"]
[Site "Deizisau"]
[Date "2013.10.27"]
[Round "3"]
[White "Kroneder, Hans Christian"]
[Black "Novoselski, Zoran"]
[Result "0-1"]
[WhiteElo "2072"]
[BlackElo "2361"]
[PlyCount "40"]
[EventDate "2013.10.26"]
[EventType "swiss"]
[EventRounds "7"]
[EventCountry "GER"]
[SourceTitle "EXT 2014"]
[Source "ChessBase"]
[SourceDate "2013.11.20"]
[SourceVersion "1"]
[SourceVersionDate "2013.11.20"]
[SourceQuality "1"]

1. e4 c5 2. Nf3 g6 3. d4 cxd4 4. Qxd4 Nf6 5. e5 Nc6 6. Qa4 Nd5 7. Qe4 e6 8. c4 f5 9. exf6 Nxf6 10. Qc2 Bg7 11. Be2 d5 12. 0-0 d4 13. Rd1 e5 14. Qa4 0-0 15. c5 Qe7 16. b4 e4 17. Bc4+ Kh8 18. Re1 Ne5 19. Qb3 exf3 20. Bf4 Nh5 0-1

[Event "Mittelfranken-chTB2b 0910"]
[Site "Mittelfranken"]
[Date "2009.11.22"]
[Round "3.2"]
[White "Kroneder, Hans Christian"]
[Black "Brunner, Wolfgang"]
[Result "1-0"]
[WhiteElo "1967"]
[BlackElo "1883"]
[PlyCount "73"]
[EventDate "2009.10.11"]
[EventType "team-tourn"]
[EventRounds "9"]
[EventCountry "GER"]
[SourceTitle "EXT 2011"]
[Source "ChessBase"]
[SourceDate "2010.11.26"]
[SourceVersion "1"]
[SourceVersionDate "2010.11.26"]
[SourceQuality "1"]
[WhiteTeam "Schwanstetten"]
[BlackTeam "Neumarkt"]
[WhiteTeamCountry "GER"]
[BlackTeamCountry "GER"]

1. Nf3 d5 2. d4 Nf6 3. c4 e6 4. Nc3 Nbd7 5. Bg5 Be7 6. e3 0-0 7. Be2 b6 8. 0-0 Bb7 9. Rc1 Rc8 10. b3 h6 11. Bf4 a6 12. Ne5 dxc4 13. bxc4 Ba3 14. Rb1 Ne4 15. Qc2 Nxc3 16. Qxc3 Nxe5 17. Qxa3 Ng6 18. Bg3 Nh4 19. Bxh4 Qxh4 20. c5 Qg5 21. f3 Bd5 22. e4 Bb7 23. Qc1 Qf6 24. Rd1 Bc6 25. Bxa6 Ra8 26. cxb6 Rxa6 27. Qxc6 Rxa2 28. Qc4 Rfa8 29. b7 R8a5 30. b8Q+ Kh7 31. Rb2 R2a3 32. Qbxc7 Rg5 33. f4 Rg4 34. Qe5 Qh4 35. Qf1 Rh3 36. Qf2 Rgg3 37. Qxg3 1-0

[Event "Mittelfranken-chTB2b 0910"]
[Site "Mittelfranken"]
[Date "2009.10.25"]
[Round "2.2"]
[White "Reuter, Roland"]
[Black "Kroneder, Hans Christian"]
[Result "1/2-1/2"]
[WhiteElo "1910"]
[BlackElo "1967"]
[PlyCount "72"]
[EventDate "2009.10.11"]
[EventType "team-tourn"]
[EventRounds "9"]
[EventCountry "GER"]
[SourceTitle "EXT 2011"]
[Source "ChessBase"]
[SourceDate "2010.11.26"]
[SourceVersion "1"]
[SourceVersionDate "2010.11.26"]
[SourceQuality "1"]
[WhiteTeam "Schwabach"]
[BlackTeam "Schwanstetten"]
[WhiteTeamCountry "GER"]
[BlackTeamCountry "GER"]

1. e4 c5 2. Nf3 Nc6 3. d4 cxd4 4. Nxd4 Nf6 5. Nc3 e5 6. Ndb5 d6 7. Bg5 a6 8. Na3 b5 9. Bxf6 gxf6 10. Nd5 f5 11. Bd3 Be6 12. c3 Bg7 13. Qh5 f4 14. Nc2 Bxd5 15. exd5 Ne7 16. Be4 Ng6 17. Rd1 Qh4 18. Qe2 0-0 19. g4 Rac8 20. Nb4 Rc4 21. h3 f5 22. Bxf5 e4 23. Kf1 Ne5 24. Bxe4 f3 25. Qc2 Nxg4 26. Bxh7+ Kh8 27. Bd3 Be5 28. Rd2 Bh2 29. Ke1 Qxh3 30. Bf1 Qg2 31. Bxg2 fxg2 32. Rxh2+ Nxh2 33. Qg6 g1Q+ 34. Qxg1 Nf3+ 35. Kf1 Nxg1 36. Kxg1 Rg4+ 1/2-1/2

[Event "Mittelfranken-chTB2b 0910"]
[Site "Mittelfranken"]
[Date "2009.10.11"]
[Round "1.2"]
[White "Kroneder, Hans Christian"]
[Black "Ahlich, Thomas"]
[Result "1/2-1/2"]
[WhiteElo "1967"]
[BlackElo "1835"]
[PlyCount "55"]
[EventDate "2009.10.11"]
[EventType "team-tourn"]
[EventRounds "9"]
[EventCountry "GER"]
[SourceTitle "EXT 2011"]
[Source "ChessBase"]
[SourceDate "2010.11.26"]
[SourceVersion "1"]
[SourceVersionDate "2010.11.26"]
[SourceQuality "1"]
[WhiteTeam "Schwanstetten"]
[BlackTeam "Nuernberg Zabo"]
[WhiteTeamCountry "GER"]
[BlackTeamCountry "GER"]

1. Nf3 Nf6 2. c4 b6 3. g3 Bb7 4. Bg2 e6 5. 0-0 Be7 6. Nc3 c5 7. d4 cxd4 8. Nb5 0-0 9. Nbxd4 d6 10. Qa4 Qe8 11. Qxe8 Rxe8 12. Rd1 a6 13. h3 Nbd7 14. Be3 Rac8 15. Rac1 h6 16. Nb3 Red8 17. Bd4 Nc5 18. Nbd2 Kf8 19. b4 Ncd7 20. a3 Rc7 21. Re1 Ne4 22. Nxe4 Bxe4 23. Bf1 Bf6 24. Bxf6 Nxf6 25. Nd4 Rdc8 26. f3 Bb7 27. e4 b5 28. a4 1/2-1/2

[Event "Mittelfrankenliga-B1 0607"]
[Site "Mittelfranken"]
[Date "2007.03.11"]
[Round "7.1"]
[White "Schulze, Hubertus"]
[Black "Kroneder, Hans Christian"]
[Result "1-0"]
[WhiteElo "2198"]
[BlackElo "2019"]
[PlyCount "109"]
[EventDate "2006.10.22"]
[EventType "team-tourn"]
[EventRounds "9"]
[EventCountry "GER"]
[SourceTitle "EXT 2011"]
[Source "ChessBase"]
[SourceDate "2010.11.26"]
[SourceVersion "1"]
[SourceVersionDate "2010.11.26"]
[SourceQuality "1"]
[WhiteTeam "Nuernberg NT III"]
[BlackTeam "Schwanstetten"]
[WhiteTeamCountry "GER"]
[BlackTeamCountry "GER"]

1. d4 d5 2. c4 c6 3. Nf3 Nf6 4. Nc3 e6 5. cxd5 exd5 6. Bg5 Qb6 7. Qc2 Nbd7 8. e3 Bd6 9. Bd3 0-0 10. 0-0 Re8 11. Rfc1 Qd8 12. Bxh7+ Kh8 13. Bd3 Nf8 14. h3 Ne6 15. Bh4 Rg8 16. Ne5 Bxe5 17. dxe5 g5 18. Bg3 Nh5 19. Ne2 Nxg3 20. Nxg3 g4 21. hxg4 Rxg4 22. Nf5 Qg5 23. f4 Qh5 24. Be2 Nxf4 25. Bxg4 Qxg4 26. Nd6 Ne2+ 27. Kf2 Nxc1 28. Rxc1 Qh4+ 29. Kg1 Be6 30. Rf1 Rg8 31. Qf2 Qxf2+ 32. Rxf2 Kg7 33. Nxb7 Kf8 34. Nd8 Ke7 35. Nxc6+ Kd7 36. Nd4 Rg5 37. Nxe6 Kxe6 38. Rf6+ Kxe5 39. Rxf7 Ke4 40. Re7+ Kd3 41. b4 a6 42. a3 Rf5 43. Re6 Rg5 44. Kf2 Rf5+ 45. Kg3 Rg5+ 46. Kf3 Rf5+ 47. Kg3 Rg5+ 48. Kf4 Rxg2 49. Rxa6 Kc4 50. Ra5 Rf2+ 51. Ke5 Re2 52. Rc5+ Kb3 53. Kxd5 Rxe3 54. b5 Rh3 55. b6 1-0

[Event "Mittelfrankenliga-B1 0607"]
[Site "Mittelfranken"]
[Date "2007.01.14"]
[Round "4.1"]
[White "Kociurzynski, Andre"]
[Black "Kroneder, Hans Christian"]
[Result "1-0"]
[WhiteElo "1987"]
[BlackElo "2019"]
[PlyCount "111"]
[EventDate "2006.10.22"]
[EventType "team-tourn"]
[EventRounds "9"]
[EventCountry "GER"]
[SourceTitle "EXT 2011"]
[Source "ChessBase"]
[SourceDate "2010.11.26"]
[SourceVersion "1"]
[SourceVersionDate "2010.11.26"]
[SourceQuality "1"]
[WhiteTeam "Fuerth SF"]
[BlackTeam "Schwanstetten"]
[WhiteTeamCountry "GER"]
[BlackTeamCountry "GER"]

1. e4 c5 2. Nf3 Nc6 3. d4 cxd4 4. Nxd4 Nf6 5. Nc3 e5 6. Ndb5 d6 7. Bg5 a6 8. Na3 b5 9. Bxf6 gxf6 10. Nd5 f5 11. c3 Bg7 12. exf5 Bxf5 13. Nc2 0-0 14. Nce3 Bg6 15. h4 Be4 16. Be2 Rb8 17. Bf3 Bxd5 18. Bxd5 Ne7 19. Bb3 b4 20. h5 h6 21. Rh3 bxc3 22. bxc3 d5 23. Rg3 Qd7 24. Qf3 e4 25. Qf6 Ng6 26. Nxd5 Kh8 27. Qxa6 Ne5 28. Rxg7 Nd3+ 29. Qxd3 exd3 30. Rh7+ Kxh7 31. Nf6+ Kg7 32. Nxd7 Rfe8+ 33. Kf1 Rb5 34. g4 Re7 35. Rd1 Rg5 36. Rxd3 Rxg4 37. Nb6 Rh4 38. Rd5 Re6 39. Nc4 Rf6 40. Nd2 Rh2 41. Ne4 Rf4 42. Kg1 Rhh4 43. Ng3 Rhg4 44. c4 Rf6 45. Kg2 Rgf4 46. Rd2 Rc6 47. f3 Rc5 48. Rd5 Rxd5 49. cxd5 Kf6 50. Ne4+ Ke7 51. Kg3 Rf5 52. Kg4 Re5 53. a4 f5+ 54. Kf4 fxe4 55. Kxe5 e3 56. Bc4 1-0

[Event "Mittelfrankenliga-B1 0506"]
[Site "Germany"]
[Date "2005.10.16"]
[Round "1.2"]
[White "Adler, Herbert"]
[Black "Kroneder, Hans Christian"]
[Result "1/2-1/2"]
[WhiteElo "2009"]
[BlackElo "2077"]
[PlyCount "25"]
[EventDate "2005.10.16"]
[EventType "team"]
[EventRounds "9"]
[EventCountry "GER"]
[SourceTitle "EXT 2007"]
[Source "ChessBase"]
[SourceDate "2006.11.23"]
[SourceVersion "1"]
[SourceVersionDate "2006.11.23"]
[SourceQuality "1"]

1. d4 d5 2. c4 c6 3. cxd5 cxd5 4. Nf3 Nf6 5. Nc3 Nc6 6. Bf4 Bg4 7. e3 Qb6 8. Qd2 e6 9. Bd3 Be7 10. Ne5 Bh5 11. f3 Rc8 12. Rc1 Bg6 13. Nxg6 1/2-1/2

[Event "Mittelfranken-chT 0405"]
[Site "Germany"]
[Date "2005.04.17"]
[Round "9.2"]
[White "Kroneder, Hans Christian"]
[Black "Martin Fernandez, Rodrigo"]
[Result "0-1"]
[WhiteElo "2051"]
[BlackElo "2081"]
[PlyCount "203"]
[EventDate "2004.10.17"]
[EventType "team"]
[EventRounds "9"]
[EventCountry "GER"]
[SourceTitle "EXT 2007"]
[Source "ChessBase"]
[SourceDate "2006.11.23"]
[SourceVersion "1"]
[SourceVersionDate "2006.11.23"]
[SourceQuality "1"]

1. Nf3 Nf6 2. c4 g6 3. Nc3 Bg7 4. e4 c5 5. d4 cxd4 6. Nxd4 d6 7. Be2 0-0 8. 0-0 Nc6 9. Be3 Ne5 10. h3 Be6 11. b3 Qa5 12. Qd2 Nc6 13. Rad1 Rac8 14. f4 a6 15. g4 Ne8 16. f5 Bd7 17. Nxc6 Bxc6 18. Nd5 Qd8 19. Bd4 Bxd4+ 20. Qxd4 Bxd5 21. exd5 Qa5 22. Bd3 Nf6 23. Rde1 Rce8 24. g5 Nd7 25. fxg6 hxg6 26. Qg4 Ne5 27. Qe2 Qc3 28. Rd1 Qd4+ 29. Kg2 Qh4 30. Qe3 f6 31. gxf6 exf6 32. Qg3 Qh6 33. Rf4 Qg7 34. Bc2 f5 35. Rdf1 Re7 36. Kh2 Rfe8 37. Rg1 Rf8 38. Qh4 Ref7 39. Qg3 Qh6 40. Qg5 Qxg5 41. Rxg5 Kg7 42. Rg3 Kf6 43. Kg2 Rc8 44. h4 Rh7 45. Rh3 Rch8 46. Bd1 Re7 47. Rg3 Nf7 48. Rc3 Re1 49. Bf3 Ke5 50. Kg3 Rg1+ 51. Kf2 Kxf4 52. Kxg1 Ne5 53. Be2 Rxh4 54. b4 Ke4 55. Rb3 f4 56. b5 f3 57. Bd1 a5 58. b6 Rf4 59. Kf2 Kd4 60. Rb5 Ng4+ 61. Kg3 f2 62. Be2 g5 63. c5 dxc5 64. d6 Ne5 65. Bf1 Rf3+ 66. Kg2 Rf6 67. Rxa5 Rxd6 68. Kxf2 Rxb6 69. Bg2 Rb2+ 70. Kg3 b5 71. Ra8 Nd3 72. Rd8+ Kc3 73. Bf1 c4 74. a3 Nc5 75. Rd5 Ne4+ 76. Kg4 Nd2 77. Bg2 Nb1 78. Be4 Nxa3 79. Rxg5 Re2 80. Bf3 Re1 81. Rc5 b4 82. Ra5 Re8 83. Bc6 Rc8 84. Bd5 Nc2 85. Kf4 b3 86. Rb5 b2 87. Be4 Nd4 88. Rb7 Nb3 89. Bg6 Rf8+ 90. Ke3 Rf1 91. Rc7 Nd2 92. Ke2 Rf6 93. Bh7 b1Q 94. Bxb1 Nxb1 95. Re7 Rd6 96. Rb7 Na3 97. Rb8 Rd2+ 98. Ke1 Ra2 99. Rc8 Nb5 100. Kd1 Nd4 101. Ke1 Ra1+ 102. Kf2 0-1